00821nam a2200205 i 4500001000700000003000900007007000300016008004100019080001400060100004200074245014700116260003400263300003000297650003600327700004200363700003800405852003200443999001900475952012100494128985ES-MaACLt|070601s1982 sp ||||1| spa d a629.7.0581 aTaylor, Sydney Ernest Thomas.910947010aTecnología del vuelo b: radio-ayudas para la navegación aérea /cS.E.T. Taylor y H.A. Parmar ; [traducido por Daniel Santano y León]. aMadrid : bParaninfo, c1982. a243 p. : bil. ; c22 cm.17aRadionavegación2embne9166711 aParmar, Hasmumukhlal Amritlal.9891951 aSantano y León, Daniel.9181683 aES-MaACLjL-3419 bR.104008 c128985d128985 00104070aATENEOMbATENEOMcDEPO2d2008-01-17eSCl0oL-3419p1134326r2023-02-23 00:00:00w2023-02-23yMONOGRAFIA